书目信息 |
| 题名: |
龙榆生讲词曲概论
|
|
| 作者: | 龙榆生 著 | |
| 分册: | ||
| 出版信息: | 南京 河海大学出版社 2021 |
|
| 页数: | 240页 | |
| 开本: | 21cm | |
| 丛书名: | ||
| 单 册: | ||
| 中图分类: | I207.23 , I207.24 | |
| 科图分类: | ||
| 主题词: | 词(文学)--ci (wen xue )--诗词研究--中国--古代 , 散曲--san qu--文学研究--中国--古代 | |
| 电子资源: | ||
| ISBN: | 978-7-5630-6564-6 | |
| 000 | 01010nam0 2200265 450 | |
| 001 | 2159553813 | |
| 005 | 20211011172912.0 | |
| 010 | @a978-7-5630-6564-6@b精装@dCNY69.80 | |
| 100 | @a20210419d2021 em y0chiy50 ea | |
| 101 | 0 | @achi |
| 102 | @aCN@b320000 | |
| 105 | @ay z 000zy | |
| 106 | @ar | |
| 200 | 1 | @a龙榆生讲词曲概论@Along yu sheng jiang ci qu gai lun@f龙榆生著 |
| 210 | @a南京@c河海大学出版社@d2021 | |
| 215 | @a240页@d21cm | |
| 300 | @a大师讲堂 学术经典 | |
| 330 | @a本书分上下两编,上编论源流,主要论述词曲的特性及起源、发展、流变,并对唐宋词、元曲、明清传奇的重要作家、作品加以评价。下编论法式,着重探讨声韵对词曲的重要作用,阐明词典中平仄四声的安排、韵位的疏密和平仄转换等与表达思想感情的关系。 | |
| 606 | 0 | @a词(文学)@Aci (wen xue )@x诗词研究@y中国@z古代 |
| 606 | 0 | @a散曲@Asan qu@x文学研究@y中国@z古代 |
| 690 | @aI207.23@v5 | |
| 690 | @aI207.24@v5 | |
| 701 | 0 | @a龙榆生@Along yu sheng@f(1902-1966)@4著 |
| 801 | 0 | @aCN@b百万庄@c20211011 |
| 905 | @b1308740-43@dI207.23@e1416@f4 | |
| 龙榆生讲词曲概论/龙榆生著.-南京:河海大学出版社,2021 |
| 240页;21cm |
| 大师讲堂 学术经典 |
| ISBN 978-7-5630-6564-6(精装):CNY69.80 |
| 本书分上下两编,上编论源流,主要论述词曲的特性及起源、发展、流变,并对唐宋词、元曲、明清传奇的重要作家、作品加以评价。下编论法式,着重探讨声韵对词曲的重要作用,阐明词典中平仄四声的安排、韵位的疏密和平仄转换等与表达思想感情的关系。 |
| ● |
| 相关链接 |
|
|
|
|
正题名:龙榆生讲词曲概论
索取号:I207.23/1416
 
预约/预借
| 序号 | 登录号 | 条形码 | 馆藏地/架位号 | 状态 | 备注 |
| 1 | 1308740 | 213087407 | 第一样本阅览室/ [索取号:I207.23/1416] | 在馆 | |
| 2 | 1308741 | 213087416 | 第二借阅区/ [索取号:I207.23/1416] | 在馆 | |
| 3 | 1308742 | 213087425 | 第二借阅区/ [索取号:I207.23/1416] | 在馆 | |
| 4 | 1308743 | 213087434 | 第二借阅区/ [索取号:I207.23/1416] | 在馆 |